I Love You - Fontaines D.C. (All Lyrics) - Statistics

General Stats
  • This quiz has been taken 75 times
  • The average score is 379 of 500
Answer Stats
Answer % Correct
do
100%
I
100%
love
100%
you,
100%
you
100%
You
100%
a
98%
so
95%
So
95%
To
95%
to
95%
And
93%
and
93%
if
91%
If
91%
it,
91%
it
91%
It
91%
never
91%
the
91%
be
89%
don't
89%
It's
89%
it's
89%
I've
89%
of
89%
on
89%
there
89%
told
89%
was
89%
well
89%
Well,
89%
all
86%
ever
86%
felt,
86%
felt
86%
when
86%
When
86%
had
84%
Had
84%
had,
84%
in
84%
know
84%
fucking
82%
man
82%
this
82%
tune
82%
every
80%
for
80%
from
80%
only
80%
wrote
80%
me
77%
start,
77%
want
77%
go
75%
is
75%
Is
75%
lie?
75%
think
75%
with
75%
hand
73%
have
73%
here
73%
I'm
73%
ring
73%
who
73%
like
70%
sucked
70%
their
70%
before
68%
by
68%
die
68%
door
68%
they
68%
will
68%
blessing,
66%
feel
66%
loved
66%
loving
66%
my
66%
open
66%
say
66%
Say
66%
up
66%
But
64%
but
64%
drink,
64%
Dublin
64%
future,
64%
off
64%
Paris
64%
pronounced
64%
understand
64%
understand,
64%
window,
64%
cry
61%
even
61%
genocide
61%
pride,
61%
pride
61%
real
61%
see
61%
sunshine,
61%
walks
61%
waste
61%
bastard
59%
close,
59%
demands
59%
'em
59%
heart
59%
life,
59%
pain,
59%
rain,
59%
'Til
59%
'til
59%
world
59%
yeah
59%
around
57%
child
57%
face
57%
land
57%
loves
57%
met
57%
now,
57%
Now
57%
now
57%
pocket
57%
priest
57%
profits
57%
Selling
57%
without
57%
Would
57%
at
55%
dying
55%
good
55%
grass
55%
imagine
55%
looking
55%
mirror
55%
penny
55%
them
55%
tomb
55%
wants
55%
won't
55%
young
55%
gravestone
52%
half-cut
52%
our
52%
System
52%
tell
52%
times
52%
ways
52%
youth
52%
Fáil?
50%
fail
50%
Fáil
50%
flowers
50%
him
50%
must
50%
myself
50%
About
48%
daddy
48%
deceased
48%
hearts,
48%
I'll
48%
shelf
48%
bones
45%
fifty
45%
kept
45%
lights,
45%
lined
45%
plying
45%
read
45%
still
45%
stuck
45%
thirty
45%
children's
43%
clamber
43%
jaws
43%
cherries
41%
Echo,
41%
echo,
41%
Gael
41%
run
41%
sharks
39%
broadsheets,
36%
broadsheets
36%
Fine
36%
Hold
36%
island's
36%
talk
36%
'bout
34%
cokey's
34%
cokeys,
34%
eddied
34%
heading
34%
mammy
32%
smile
32%
spoilings
32%
Fianna
30%
gall
30%
through
30%
Cloud-parting
25%
Makes
25%
tryna
23%
filled
20%
morning's
16%
No matching quizzes found
Score Distribution
Percent of People with Each Score
Percentile by Number Answered
Your Score History
You have not taken this quiz